| 000 | 00525cam a2200193 a 4500 | ||
|---|---|---|---|
| 001 | 1084451 | ||
| 005 | 20240219000511.0 | ||
| 008 | 911206s1991 ii b 001 0 eng | ||
| 020 | _a8171003338 : | ||
| 040 |
_aDLC _cDLC _dDLC |
||
| 082 |
_222 _a320. _bGAN. |
||
| 100 | 1 | _aMukherjee, Subrata, | |
| 245 | 1 | 0 |
_aGandhian thought, Marxist interpretation / _cSubrata Mukherjee. |
| 260 |
_aNew Delhi : _bDeep & Deep Publications, _c1991. |
||
| 300 | _axi, 204 p. ; | ||
| 500 | _aIncludes index. | ||
| 650 | 0 | _aCommunism | |
| 942 | _cL | ||
| 999 |
_c422 _d422 |
||